00309nam a2200121Ia 4500008004100000041000800041082001700049100001900066245002800085260003300113300003000146365001100176240624s9999 xx 000 0 und d aeng a658.4052 SRI aSRIVASTAVA R K aNEGOTIATION AND SELLING c2010aNew DelhibExcel Books axi, : 202 : p. : cm. ; 24 cRSb32